[Event "Pige NM C"]
[Site "Jetsmark"]
[Date "2011.04.10"]
[Round "3.5"]
[White "Mirza, Sara Hadi"]
[Black "Kyrkjebo, Hannah Bakken"]
[Result "0-1"]
[WhiteElo "1420"]
[BlackElo "1520"]
[PlyCount "44"]
[EventDate "2011.04.08"]
[EventType "swiss"]
[EventRounds "5"]
[EventCountry "DEN"]
[SourceTitle "EXT 2023"]
[Source "ChessBase"]
[SourceDate "2022.10.05"]
[SourceVersion "1"]
[SourceVersionDate "2022.10.05"]
[SourceQuality "1"]

1. e4 e5 2. Nf3 Nc6 3. Bc4 Nf6 4. Nc3 Nxe4 5. Nxe4 d5 6. Bxd5 Qxd5 7. d3 Bg4 8. 0-0 0-0-0 9. Be3 f5 10. Nc3 Qd7 11. Qe2 f4 12. Bd2 Nd4 13. Qd1 Bxf3 14. gxf3 Qh3 15. Re1 Nxf3+ 16. Qxf3 Qxf3 17. Rxe5 Qg4+ 18. Kh1 Bd6 19. Re4 Rhe8 20. Rae1 Rxe4 21. Rxe4 Qh3 22. Kg1 f3 0-1

[Event "Pige NM C"]
[Site "Jetsmark"]
[Date "2011.04.09"]
[Round "2.5"]
[White "Magnusdottir, Veronika Steinunn"]
[Black "Mirza, Sara Hadi"]
[Result "1-0"]
[WhiteElo "1389"]
[BlackElo "1420"]
[PlyCount "101"]
[EventDate "2011.04.08"]
[EventType "swiss"]
[EventRounds "5"]
[EventCountry "DEN"]
[SourceTitle "EXT 2023"]
[Source "ChessBase"]
[SourceDate "2022.10.05"]
[SourceVersion "1"]
[SourceVersionDate "2022.10.05"]
[SourceQuality "1"]

1. e4 e5 2. Nf3 Nc6 3. d4 exd4 4. Bc4 h6 5. Nxd4 Bc5 6. Be3 Qf6 7. c3 Nge7 8. 0-0 0-0 9. Re1 Bb6 10. Qf3 Qg6 11. Nb5 Ne5 12. Qe2 Qxe4 13. Nd2 Qg6 14. Bxb6 axb6 15. Qxe5 Nf5 16. Nxc7 Ra5 17. Nd5 Rc5 18. Bd3 d6 19. Qe4 Be6 20. Nf4 Qf6 21. Nxe6 fxe6 22. Qxe6+ Qxe6 23. Rxe6 Re5 24. Bc4 Rc5 25. Re8+ Rxc4 26. Rxf8+ Kxf8 27. Nxc4 b5 28. Ne3 Ne7 29. Rd1 Nc8 30. Kf1 g6 31. Ke2 Ke7 32. f4 Ke6 33. g4 Kf6 34. h4 b6 35. Rd5 b4 36. cxb4 Ke6 37. Rb5 Kf6 38. Kf3 Ke6 39. f5+ gxf5 40. Nxf5 Kf6 41. Nxh6 Ke6 42. g5 d5 43. g6 Kf6 44. h5 d4 45. Rd5 Ne7 46. Rxd4 Kg7 47. Rd7 Kxh6 48. Rxe7 b5 49. a4 bxa4 50. Kg4 a3 51. Rh7# 1-0

[Event "Pige NM C"]
[Site "Jetsmark"]
[Date "2011.04.08"]
[Round "1.5"]
[White "Mirza, Sara Hadi"]
[Black "Jacobsen, Hanna"]
[Result "1-0"]
[WhiteElo "1420"]
[BlackElo "1017"]
[PlyCount "69"]
[EventDate "2011.04.08"]
[EventType "swiss"]
[EventRounds "5"]
[EventCountry "DEN"]
[SourceTitle "EXT 2023"]
[Source "ChessBase"]
[SourceDate "2022.10.05"]
[SourceVersion "1"]
[SourceVersionDate "2022.10.05"]
[SourceQuality "1"]

1. e4 e5 2. Nf3 Nc6 3. Bc4 Bc5 4. c3 Bb6 5. d4 Nf6 6. Bg5 h6 7. Bh4 g5 8. Bg3 Nxe4 9. Bxe5 Nxe5 10. Nxe5 d5 11. Bb3 Be6 12. Ba4+ c6 13. Nxc6 Qf6 14. Ne5+ Kf8 15. 0-0 h5 16. Nd2 h4 17. Nxe4 dxe4 18. h3 Qf4 19. f3 Bf5 20. Kh1 Bc7 21. Qb3 Bxe5 22. dxe5 Qxe5 23. Qxb7 Kg7 24. Bb3 Rhf8 25. Rad1 Qb8 26. Qe7 Qg3 27. fxe4 Be6 28. Bxe6 Kh6 29. Qf6+ Kh7 30. Bf5+ Kg8 31. Qh6 Rfb8 32. Bh7+ Kh8 33. Bg6+ Kg8 34. Qh7+ Kf8 35. Qxf7# 1-0